00424nam a2200169 4500003001100000005001700011008004100028020001500069040003900084041000800123082001300131100001800144245002500162260003800187300000900225650002000234LK-CoMWRAF20230901041028.0230901b1990 |||||||| |||| 00| 0 eng d a0553291718 aLK-CoMWRAFdLK-CoMWRAFeLK-CoMWRAF aeng a823bTHO aThomas, Rosie aA Woman of our times aNew York : bBantam Books, c1990 a480p aEnglish Fiction